00846nam a2200241 i 4500001000700000003000900007005001700016007000300033008004100036020001800077100003100095245009300126260005200219300002000271490005400291505006100345600003400406710003000440740004400470830002900514852003100543852003000574144341ES-MaACL20250826105751.0t|070214s1985 sp r ||||1| spa d a84-7481-345-X1 aBarrientos García, Jose.13aUn siglo de moral económica en Salamanca b: (1526-1629) / cJose Barrientos García. aSalamanca : bUniversidad de Salamanca, c1985. a1 v. ; c25 cm.1 aActa salmanticensia. Filosofía y letras ; v1648 aContiene: Vol. I. Francisco de Vitoria y Domingo de Soto14aSoto, Domingo de, d1495-15602 aUniversidad de Salamanca.0 aFrancisco de Vitoria y Domingo de Soto.00aActa Salmanticensiav164 aES-MaACLjP-570 bR.111786 aES-MaACLjP-49 bR.112682